[Event "Tournoi francophone 019"]
[Site "Skype"]
[Date "????.??.??"]
[Round "7.5"]
[White "Marino, Giuseppe"]
[Black "Khabou, Taha"]
[Result "1/2-1/2"]
[WhiteElo "1335"]
[BlackElo "1358"]
[PlyCount "84"]

1. e4 e6 2. Nf3 d5 3. exd5 exd5 4. d4 Bf5 5. Bd3 Bxd3 6. Qxd3 c6 7. c3 Nf6 8.
O-O Be7 9. h3 O-O 10. Bf4 Bd6 11. Bxd6 Qxd6 12. Re1 Nbd7 13. Nbd2 Rfe8 14.
Rxe8+ Rxe8 15. Re1 Rxe1+ 16. Nxe1 Qe6 17. Qe3 Qxe3 18. fxe3 Kf8 19. Kf2 Ke7 20.
Kf3 Kd6 21. Kf4 h6 22. e4 dxe4 23. Nxe4+ Nxe4 24. Kxe4 Nf6+ 25. Kd3 Nd5 26. Ke4
a5 27. a3 a4 28. Nf3 Ke6 29. g4 Nb6 30. Nd2 Kf6 31. h4 Kg6 32. c4 h5 33. g5 f6
34. gxf6 Kxf6 35. Kf4 g6 36. Ne4+ Kf7 37. Nd2 Nc8 38. Ne4 b6 39. d5 cxd5 40.
cxd5 Ne7 41. Ke5 Nf5 42. d6 Ke8 1/2-1/2

[Event "Tournoi francophone 019"]
[Site "Skype"]
[Date "????.??.??"]
[Round "7.6"]
[White "Rodier, Marc"]
[Black "Briere, Jean"]
[Result "1/2-1/2"]
[WhiteElo "1512"]
[BlackElo "1259"]
[PlyCount "71"]

1. e4 e5 2. Nf3 Nc6 3. Bb5 d6 4. d4 exd4 5. Nxd4 Bd7 6. c4 Nf6 7. Nc3 a6 8.
Bxc6 Bxc6 9. Nxc6 bxc6 10. O-O Be7 11. Re1 O-O 12. Bf4 Nd7 13. Rc1 Ne5 14. Bxe5
dxe5 15. Qc2 Bc5 16. Ne2 Qf6 17. Ng3 Rfd8 18. Red1 Rxd1+ 19. Rxd1 Bd4 20. Kf1
Rd8 21. Nh1 Qf4 22. Ng3 Rd6 23. Rd2 c5 24. Re2 Kf8 25. Qd2 Qxd2 26. Rxd2 Rf6
27. f3 Ke7 28. Nf5+ Kf8 29. Ke2 g6 30. Ne3 Rd6 31. Nd1 Ke7 32. Rd3 Rb6 33. b3
f6 34. Ne3 c6 35. g3 Rb7 36. f4 1/2-1/2

[Event "Tournoi francophone 019"]
[Site "Skype"]
[Date "????.??.??"]
[Round "7.7"]
[White "Bucherie, Volcy"]
[Black "Pourrouquet, Albert"]
[Result "0-1"]
[WhiteElo "1264"]
[BlackElo "1451"]
[PlyCount "108"]

1. Nf3 d5 2. d4 Bf5 3. c4 e6 4. Nc3 a6 5. a3 c5 6. g3 dxc4 7. Bg2 Nc6 8. Qa4
Nge7 9. Qxc4 cxd4 10. Nxd4 Nxd4 11. Bxb7 Rb8 12. Bxa6 Bh3 13. Nb5 Nec6 14. Bf4
Rxb5 15. Bxb5 Qa5+ 16. Bd2 Qxb5 17. Qxb5 Nxb5 18. a4 Nbd4 19. e3 Nc2+ 20. Ke2
Nxa1 21. Rxa1 Bb4 22. Bxb4 Nxb4 23. a5 Ke7 24. a6 Nc6 25. a7 Ra8 26. Kd3 Rxa7
27. Rc1 Ne5+ 28. Kd4 f6 29. f4 Ra4+ 30. Kc5 Nd3+ 31. Kb5 Rb4+ 32. Ka5 Rxb2 33.
Rc7+ Kf8 34. Rc8+ Kf7 35. Rc7+ Kg6 36. Rd7 Bf5 37. h4 h5 38. Ka4 Rg2 39. Kb3
Nc5+ 40. Kc4 Nxd7 41. Kd4 Rxg3 42. e4 e5+ 43. fxe5 fxe5+ 44. Kd5 Rd3+ 45. Kc6
Bxe4+ 46. Kc7 Bf5 47. Kc6 e4 48. Kc7 e3 49. Kd8 e2 50. Ke7 e1=Q+ 51. Kd8 Nf6+
52. Kc7 Qc1+ 53. Kb6 Rb3+ 54. Ka5 Qa1# 0-1

[Event "Tournoi francophone 019"]
[Site "Skype"]
[Date "????.??.??"]
[Round "7.8"]
[White "L'Herbon De Lussats, Jean"]
[Black "Castillo, David"]
[Result "0-1"]
[WhiteElo "1233"]
[BlackElo "1449"]
[PlyCount "72"]

1. c4 f5 2. d4 Nf6 3. Nc3 d6 4. g3 e6 5. Bg2 c6 6. e4 Nbd7 7. d5 cxd5 8. cxd5
fxe4 9. dxe6 Nc5 10. Qc2 Bxe6 11. Nxe4 Nfxe4 12. Bxe4 Nxe4 13. Qxe4 Qa5+ 14.
Bd2 Qd5 15. f3 Qxe4+ 16. fxe4 Be7 17. Bc3 O-O 18. a3 Bf6 19. Ne2 Bc4 20. Nf4
Be5 21. Bxe5 dxe5 22. Nd5 Bd3 23. Nc3 Rf3 24. O-O-O Rc8 25. Rhe1 b5 26. Kd2 Rd8
27. Kc1 Rd4 28. Rd2 Kf7 29. Red1 Ke6 30. Ne2 Rd6 31. Ng1 Rc6+ 32. Rc2 Bxc2 33.
Re1 Bxe4+ 34. Kd2 Rd3+ 35. Ke2 Rc2+ 36. Kf1 Bg2# 0-1

[Event "Tournoi francophone 019"]
[Site "Skype"]
[Date "????.??.??"]
[Round "7.9"]
[White "Pouteau, Pascal"]
[Black "Gharbi, Said"]
[Result "0-1"]
[WhiteElo "1349"]
[BlackElo "1252"]
[PlyCount "50"]

1. Nf3 c6 2. d4 d5 3. c4 Nf6 4. Nc3 e6 5. e3 Bb4 6. Bd2 O-O 7. Qb3 a5 8. Na4
Bxd2+ 9. Nxd2 Na6 10. Nb6 Ra7 11. c5 Nd7 12. Bd3 Nxb6 13. cxb6 Ra8 14. a3 Nb8
15. Qc2 g6 16. h4 h5 17. Nf3 Nd7 18. Ng5 e5 19. dxe5 Nxe5 20. Be2 Qxb6 21. Bxh5
Bf5 22. Qe2 Nd3+ 23. Kf1 Qxb2 24. Qxb2 Nxb2 25. Rb1 Bxb1 0-1

[Event "Tournoi francophone 019"]
[Site "Skype"]
[Date "????.??.??"]
[Round "7.10"]
[White "Duthoit, Bernard"]
[Black "Vello, Pablo"]
[Result "0-1"]
[WhiteElo "1320"]
[BlackElo "1190"]
[PlyCount "54"]

1. e4 e6 2. d4 d5 3. exd5 exd5 4. Nf3 Bd6 5. Nc3 c6 6. Bd3 Ne7 7. Ne2 Bg4 8.
Neg1 Nd7 9. Bg5 f6 10. Bh4 O-O 11. Bg3 Qc7 12. c3 Bf5 13. Qc2 Bxd3 14. Qxd3 f5
15. Bxd6 Qxd6 16. Ng5 Rae8 17. N1f3 Ng6+ 18. Kd2 Nf4 19. Nh4 Nxd3 20. Kxd3 Qf4
21. Ngf3 Qe4+ 22. Kd2 Qe2+ 23. Kc1 Qxf2 24. g3 Re2 25. b3 Rc2+ 26. Kb1 Rb2+ 27.
Kc1 Qc2# 0-1

[Event "Tournoi francophone 019"]
[Site "Skype"]
[Date "????.??.??"]
[Round "7.11"]
[White "Busto, Ricardo"]
[Black "Sahrane, Juba"]
[Result "1/2-1/2"]
[WhiteElo "1194"]
[BlackElo "1514"]
[PlyCount "52"]

1. Nf3 d5 2. d4 Nf6 3. Bf4 Bf5 4. e3 e6 5. Bd3 Bd6 6. Bg3 Bxd3 7. Qxd3 O-O 8.
Nbd2 c5 9. c3 Nc6 10. O-O-O Rc8 11. Ne5 cxd4 12. exd4 Nb4 13. Qb1 Qa5 14. a3
Nc6 15. Nxf7 Bxg3 16. hxg3 Rxf7 17. f4 Nxd4 18. Qd3 Nc6 19. Nb3 Qb6 20. Nd2
Rfc7 21. Kb1 Na5 22. Rc1 Nb3 23. Nxb3 Qxb3 24. Qd2 Rxc3 25. Rxc3 Rxc3 26. Qxc3
Qb6 1/2-1/2

[Event "Tournoi francophone 019"]
[Site "Skype"]
[Date "????.??.??"]
[Round "7.12"]
[White "Rodriguez, Nathalie"]
[Black "De Coninck, Philippe"]
[Result "1-0"]
[WhiteElo "1224"]
[BlackElo "1290"]
[PlyCount "75"]

1. d4 c6 2. c4 e6 3. c5 Nf6 4. Nc3 d6 5. cxd6 Bxd6 6. h3 Nbd7 7. Nf3 b6 8. e3
Bb7 9. Be2 Rc8 10. Bd2 Bb8 11. e4 Qc7 12. e5 Ng8 13. Rc1 Ne7 14. Bf4 O-O 15.
O-O Ng6 16. Bg3 f6 17. exf6 Nxf6 18. Bxc7 Bxc7 19. Re1 Rf7 20. Qb3 Nf4 21. Ng5
Re7 22. Bc4 N6d5 23. Nxd5 cxd5 24. Bd3 g6 25. Re3 Nxd3 26. Qxd3 Bh2+ 27. Kxh2
Rxc1 28. Qd2 Rc6 29. Qb4 Re8 30. Qa4 a6 31. Nf3 b5 32. Qb4 Rec8 33. Ne5 Rc2 34.
Qe7 R2c7 35. Qxe6+ Kg7 36. Rf3 Rf8 37. Rxf8 Kxf8 38. Qd6+ 1-0

[Event "Tournoi francophone 019"]
[Site "Skype"]
[Date "????.??.??"]
[Round "7.13"]
[White "Trivedi, Viral"]
[Black "Nicolini, Francesco"]
[Result "0-1"]
[WhiteElo "1202"]
[BlackElo "1165"]
[PlyCount "102"]

1. d4 Nf6 2. Bf4 g6 3. e3 Bg7 4. Be2 d6 5. Nd2 Nbd7 6. h4 h5 7. Ngf3 Nd5 8. Bg3
c5 9. c3 a6 10. dxc5 Nxc5 11. Nb3 Ne4 12. Qxd5 Nxc3 13. Qd2 Ne4 14. Qc2 Bf5 15.
Qc1 Rc8 16. Qd1 Bxb2 17. O-O Nxg3 18. fxg3 Qb6 19. Nbd4 Bxa1 20. Qxa1 Bg4 21.
Kh2 e5 22. Ng5 exd4 23. Bxg4 hxg4 24. Nxf7 Rf8 25. exd4 Rxf7 26. Re1+ Kd7 27.
d5 Qf2 28. Qb1 Kc7 29. Rc1+ Kb8 30. Rxc8+ Kxc8 31. Qxg6 Qf5 32. Qxd6 Rd7 33.
Qc5+ Kb8 34. Qe3 Rxd5 35. Qe8+ Kc7 36. Qe7+ Qd7 37. Qf6 Rd2 38. Qf4+ Rd6 39. h5
Kc8 40. h6 Kb8 41. h7 Qxh7+ 42. Kg1 Qd7 43. Qf8+ Ka7 44. Qf2+ b6 45. Qc2 Rd1+
46. Kh2 Rd2 47. Qb1 Qb7 48. Qf1 Rb2 49. Kg1 Qh7 50. Qc4 Qe7 51. Qc3 Qc5+ 0-1

[Event "Tournoi francophone 019"]
[Site "Skype"]
[Date "????.??.??"]
[Round "7.15"]
[White "Milanese, Serge"]
[Black "Sequeda Pimiento, Javier Ricardo"]
[Result "0-1"]
[WhiteElo "1202"]
[BlackElo "1395"]
[PlyCount "96"]

1. d4 Nf6 2. Bf4 g6 3. e3 Bg7 4. Bd3 d6 5. Nd2 Nbd7 6. Ngf3 O-O 7. O-O Re8 8.
c3 e5 9. Bg3 e4 10. Bxe4 Nxe4 11. Bf4 Nxd2 12. Qxd2 Nf6 13. Qc2 Bf5 14. Qb3 Be4
15. Ng5 d5 16. f3 Bf5 17. Rae1 Nh5 18. Bxc7 Qxc7 19. Qxd5 Be6 20. Qb5 Bh6 21.
g4 Bxg5 22. Qxg5 Ng7 23. a3 Qe7 24. Qh6 f5 25. h3 Bc4 26. Rf2 Rf8 27. Rh2 Ne6
28. Kf2 Qg5 29. Qxg5 Nxg5 30. f4 Ne4+ 31. Kf3 Bd5 32. Ke2 Rae8 33. Kd3 Nd6 34.
h4 Be4+ 35. Kd2 Nc4+ 36. Kc1 fxg4 37. h5 Bf5 38. Rhe2 gxh5 39. e4 Bg6 40. f5
Bf7 41. e5 Bd5 42. Rf2 g3 43. Rf4 Kg7 44. Rg1 g2 45. Re1 Nd6 46. e6 Rxf5 47.
Rxf5 Nxf5 48. Re5 g1=Q+ 0-1

[Event "Tournoi francophone 019"]
[Site "Skype"]
[Date "????.??.??"]
[Round "7.16"]
[White "Radice, Marco"]
[Black "Le Brun, Yves"]
[Result "0-1"]
[WhiteElo "1198"]
[BlackElo "1321"]
[PlyCount "100"]

1. d4 Nf6 2. c4 d5 3. Nc3 c6 4. Nf3 Bf5 5. Bf4 e6 6. e3 Bd6 7. Ne5 Ne4 8. Bd3
Nxc3 9. bxc3 Nd7 10. Bxf5 exf5 11. Nxf7 Kxf7 12. Bxd6 Nf6 13. Bf4 Re8 14. c5
Ne4 15. Qh5+ Kg8 16. Rc1 g6 17. Qh6 Qf6 18. Be5 Qf7 19. O-O Rad8 20. c4 Nd2 21.
Rfe1 Nxc4 22. a4 Nxe5 23. dxe5 Rxe5 24. Rb1 Re4 25. Qg5 Rd7 26. h3 Rxa4 27. Qg3
Qf8 28. Ra1 Rxa1 29. Rxa1 a6 30. Rb1 Qxc5 31. Qb8+ Kg7 32. Qe5+ Kf7 33. Qh8 Ke6
34. Qg8+ Kf6 35. Qh8+ Kg5 36. Qe5 b5 37. Qf4+ Kf6 38. Qh4+ Ke6 39. Ra1 Qb6 40.
Qd4 c5 41. Qd3 a5 42. g4 c4 43. Qd4 Qxd4 44. exd4 c3 45. Rxa5 c2 46. Ra6+ Rd6
47. Ra1 b4 48. gxf5+ Kxf5 49. Kf1 b3 50. Ke1 b2 0-1

[Event "Tournoi francophone 019"]
[Site "Skype"]
[Date "????.??.??"]
[Round "7.18"]
[White "Moumtaz, Abderrahim"]
[Black "Ortis, Yves"]
[Result "1-0"]
[WhiteElo "1279"]
[BlackElo "1147"]
[PlyCount "107"]

1. d4 Nf6 2. c4 e6 3. Nc3 c6 4. e4 b6 5. Nf3 h6 6. Bd3 Be7 7. O-O O-O 8. Bf4 d6
9. Re1 Re8 10. Rc1 Nh5 11. Be3 Nd7 12. Qd2 Bf8 13. e5 d5 14. g4 Ndf6 15. exf6
Nxf6 16. g5 Ng4 17. h3 Nxe3 18. Qxe3 dxc4 19. Bxc4 b5 20. Bd3 b4 21. Ne4 Bb7
22. Nc5 Bc8 23. Qe4 g6 24. Qxc6 Rb8 25. Qe4 Bg7 26. b3 Rb6 27. Qh4 h5 28. Ne4
Bb7 29. Kg2 Bxe4 30. Rxe4 f6 31. Re3 fxg5 32. Qxg5 Qxg5+ 33. Nxg5 Bxd4 34. Rf3
Rd6 35. Bxg6 Red8 36. Bf7+ Kg7 37. Nxe6+ Rxe6 38. Bxe6 Bf6 39. Rc7+ Kg6 40.
Rg3+ Kh6 41. Rf7 Bh4 42. Rgg7 Rd2 43. Rh7+ Kg6 44. Bf5+ Kg5 45. Rhg7+ Kf4 46.
Bg4+ Ke4 47. Bf3+ Kd3 48. Rd7+ Kc2 49. Rxd2+ Kxd2 50. Bxh5 Bf6 51. Rxa7 Ke1 52.
Bf3 Bd4 53. Re7+ Kd2 54. Re4 1-0

[Event "Tournoi francophone 019"]
[Site "Skype"]
[Date "????.??.??"]
[Round "7.19"]
[White "Cengiz, Ali Ekber"]
[Black "Yepez, German"]
[Result "1-0"]
[WhiteElo "1266"]
[BlackElo "1171"]
[PlyCount "91"]

1. e4 c5 2. Bc4 d6 3. Nf3 a6 4. a3 Nc6 5. Nc3 g6 6. Nd5 e6 7. Ne3 Bg7 8. c3
Nge7 9. d3 Ne5 10. Nxe5 Bxe5 11. Ng4 Bg7 12. Bh6 O-O 13. Bxg7 Kxg7 14. Qf3 f5
15. exf5 exf5 16. Ne3 Rg8 17. Bxg8 Qxg8 18. O-O d5 19. d4 c4 20. Rfe1 Be6 21.
Qg3 Nc6 22. Nc2 Qf7 23. Nb4 Qf6 24. Nxc6 bxc6 25. Qc7+ Bf7 26. Qe5 Qxe5 27.
Rxe5 a5 28. Re7 Kf6 29. Rc7 Ra6 30. Rb7 a4 31. Re1 g5 32. Ree7 Bg6 33. f3 f4
34. h3 Ra5 35. Kf2 c5 36. dxc5 Rxc5 37. Ra7 Rb5 38. Reb7 Rxb7 39. Rxb7 h5 40.
Rb4 Bc2 41. g3 Ke5 42. gxf4+ gxf4 43. Ke2 Bb3 44. h4 d4 45. Rb5+ Ke6 46. cxd4
1-0

[Event "Tournoi francophone 019"]
[Site "Skype"]
[Date "????.??.??"]
[Round "7.20"]
[White "Esformes, Jacques"]
[Black "Le Bouill, Pierre"]
[Result "0-1"]
[WhiteElo "1147"]
[BlackElo "1223"]
[PlyCount "72"]

1. e4 d6 2. d4 c6 3. b4 Nf6 4. f3 e5 5. c3 g6 6. Bg5 Bg7 7. Bd3 h6 8. Bxf6 Qxf6
9. Qe2 Nd7 10. b5 exd4 11. c4 c5 12. a4 O-O 13. Nh3 Qh4+ 14. Qf2 Qe7 15. Nf4
Qd8 16. O-O Ne5 17. Be2 d3 18. Bd1 Nxf3+ 19. Bxf3 Bxa1 20. Nxd3 Bd4 21. Nxc5
Bxf2+ 22. Kxf2 dxc5 23. Nd2 Qd4+ 24. Ke1 Rd8 25. Rf2 Be6 26. Kf1 Bxc4+ 27. Nxc4
Qxc4+ 28. Re2 Rd4 29. g4 Rad8 30. Kg2 Rd2 31. Rxd2 Rxd2+ 32. Kg3 g5 33. h4 f6
34. hxg5 hxg5 35. Bg2 Qe2 36. Kh2 Qxg2# 0-1

[Event "Tournoi francophone 019"]
[Site "Skype"]
[Date "????.??.??"]
[Round "7.21"]
[White "Vincent, Andre"]
[Black "De Fazio, Monica"]
[Result "1-0"]
[WhiteElo "1332"]
[BlackElo "1020"]
[PlyCount "47"]

1. e4 e6 2. Nf3 c5 3. Bc4 b6 4. Nc3 Bb7 5. d3 Ne7 6. O-O d5 7. Bb5+ Bc6 8.
Bxc6+ Nbxc6 9. a3 e5 10. Re1 d4 11. Na2 Ng6 12. c3 Be7 13. b4 dxc3 14. Nxc3
cxb4 15. Nd5 Bd6 16. axb4 Bxb4 17. Nxb4 Nxb4 18. Qa4+ Qd7 19. Qxb4 f6 20. Rd1
Ne7 21. Be3 Nc6 22. Qa4 Kf7 23. d4 Qe7 24. Qxc6 1-0

[Event "Tournoi francophone 019"]
[Site "Skype"]
[Date "????.??.??"]
[Round "7.22"]
[White "Ruiz Aguilera, Juan Jesus"]
[Black "Sauvaget, Joel"]
[Result "1-0"]
[WhiteElo "1116"]
[BlackElo "1255"]
[PlyCount "91"]

1. e4 e5 2. Nf3 d6 3. Bc4 Be7 4. d3 h6 5. h3 Nf6 6. Nc3 a6 7. a4 Nc6 8. Nd5
Nxd5 9. exd5 Nb8 10. Bd2 Nd7 11. c3 Nf6 12. b4 O-O 13. Qb3 Bd7 14. O-O Re8 15.
b5 axb5 16. axb5 Rxa1 17. Rxa1 b6 18. Qb1 Qb8 19. Be3 Qb7 20. Ra6 Nxd5 21. Bxd5
Qxd5 22. c4 Qb7 23. Nd2 Be6 24. Ne4 Bf5 25. g4 Bxe4 26. dxe4 Bh4 27. Qd3 Be7
28. Qd5 Qc8 29. Qc6 Rf8 30. Ra7 Bd8 31. Bxb6 Qe6 32. Bxc7 Bxc7 33. Qxc7 Rc8 34.
Qd7 Qxd7 35. Rxd7 Rxc4 36. Rxd6 Rb4 37. Rd5 f6 38. f3 Rb1+ 39. Kf2 Rb2+ 40. Ke3
Rb3+ 41. Kd2 Rb2+ 42. Kc3 Rf2 43. Kc4 Rxf3 44. b6 Rf4 45. b7 Rxe4+ 46. Kc5 1-0

[Event "Tournoi francophone 019"]
[Site "Skype"]
[Date "????.??.??"]
[Round "7.23"]
[White "Montilla Bejarano, Mey"]
[Black "Malbec, Robert"]
[Result "1-0"]
[WhiteElo "1088"]
[BlackElo "1174"]
[PlyCount "113"]

1. Nf3 Nc6 2. b3 e5 3. Bb2 d5 4. Nxe5 Nxe5 5. Bxe5 c6 6. d4 Nf6 7. Nd2 Be7 8.
Nf3 Bg4 9. Qd3 O-O 10. Ng5 h6 11. Bxf6 hxg5 12. Bxe7 Qxe7 13. O-O-O Bh5 14. Qh3
Bg6 15. e3 a5 16. Bd3 Bxd3 17. Rxd3 a4 18. Kd2 axb3 19. Rxb3 b5 20. Rhb1 Rxa2
21. Qf3 g6 22. g4 Qe6 23. h4 gxh4 24. g5 f5 25. Rh1 Qe7 26. Rxh4 Qxg5 27. Qh3
Kf7 28. Rh7+ Kf6 29. f4 Qg4 30. Qh4+ Qxh4 31. Rxh4 Raa8 32. Rc3 Rac8 33. Rh7
Rf7 34. Rxf7+ Kxf7 35. Ra3 Rc7 36. Kc1 Ke6 37. Kb2 Kd6 38. Ra6 Rh7 39. Kb3 Rh3
40. Kb4 Rxe3 41. Ra8 Re4 42. c3 Rxf4 43. Rd8+ Kc7 44. Rg8 Rg4 45. Rg7+ Kd6 46.
Rf7 f4 47. Rf6+ Kc7 48. Kc5 g5 49. Rxc6+ Kd7 50. Rd6+ Ke7 51. Rxd5 f3 52. Rf5
Rg3 53. d5 g4 54. d6+ Kd7 55. Rf7+ Kd8 56. Kc6 Rg2 57. Rf8# 1-0

[Event "Tournoi francophone 019"]
[Site "Skype"]
[Date "????.??.??"]
[Round "7.24"]
[White "Lecluyse, Koenraad"]
[Black "Rivalta, Paolo"]
[Result "0-1"]
[WhiteElo "1096"]
[BlackElo "1143"]
[PlyCount "42"]

1. d4 d5 2. Nf3 Nc6 3. Bf4 Nf6 4. e3 Bg4 5. Nbd2 e6 6. Bd3 Bb4 7. c3 Bd6 8.
Bxd6 Qxd6 9. h3 Bxf3 10. Nxf3 O-O 11. O-O e5 12. Nxe5 Nxe5 13. dxe5 Qxe5 14.
Qb3 b6 15. c4 dxc4 16. Bxc4 Rad8 17. Qc2 a5 18. Rad1 Rb8 19. b3 b5 20. Be2 c5
21. Rd4 cxd4 0-1

[Event "Tournoi francophone 019"]
[Site "Skype"]
[Date "????.??.??"]
[Round "7.25"]
[White "Tolaro, Filippa"]
[Black "Guillaume, Mickael"]
[Result "0-1"]
[WhiteElo "1048"]
[BlackElo "1126"]
[PlyCount "48"]

1. d4 d5 2. Nf3 Nf6 3. Bf4 e6 4. e3 Bd6 5. Ne5 O-O 6. Bd3 Nbd7 7. Nd2 c5 8. c4
cxd4 9. exd4 b6 10. c5 bxc5 11. dxc5 Bxe5 12. Bxe5 Nxe5 13. Bb5 Bd7 14. Ba6 Qa5
15. Bb7 Rab8 16. Qb3 Bc6 17. Rc1 Rxb7 18. Qa3 Qxa3 19. bxa3 d4 20. O-O Nd3 21.
Rc4 e5 22. Nb3 Bb5 23. Rb4 Nxb4 24. axb4 Bxf1 0-1

[Event "Tournoi francophone 019"]
[Site "Skype"]
[Date "????.??.??"]
[Round "7.26"]
[White "Colangelo, Michele"]
[Black "Akli, Dimitri"]
[Result "1-0"]
[WhiteElo "1108"]
[BlackElo "1000"]
[PlyCount "113"]

1. e4 e5 2. Nf3 Nc6 3. Bc4 Nf6 4. Nc3 d6 5. h3 Be6 6. Bb5 Qd7 7. O-O a6 8. Be2
O-O-O 9. Ng5 Bxh3 10. Nxh3 d5 11. exd5 Nxd5 12. Bg4 f5 13. Bf3 e4 14. Nxd5 Qxd5
15. Be2 Bd6 16. f3 Qe5 17. f4 Qd4+ 18. Kh1 Qd5 19. c4 Qc5 20. Ng5 Rde8 21. Nf7
Re6 22. d4 Nxd4 23. Be3 Bxf4 24. Rxf4 Rf8 25. Bxd4 Qc6 26. Rxf5 Rh6+ 27. Rh5
Rxf7 28. Rxh6 gxh6 29. Be3 b5 30. c5 Qg6 31. Bh5 Rf1+ 32. Qxf1 Qxh5+ 33. Kg1 c6
34. Re1 Kd7 35. Re2 Ke6 36. Rf2 Kd5 37. Bf4 e3 38. Qe2 exf2+ 39. Kxf2 Qf5 40.
Qd2+ Kxc5 41. Qd6+ Kb6 42. Qd4+ c5 43. Qd6+ Ka5 44. Kf3 h5 45. Qd2+ b4 46. Qd8+
Kb5 47. Qb8+ Kc4 48. Qg8+ Kd3 49. Qd8+ Kc2 50. Qd2+ Kb1 51. Ke3 Kxa2 52. Qe2
Qe6+ 53. Kd3 c4+ 54. Kd2 Qd5+ 55. Kc1 h4 56. Qc2 b3 57. Qb1# 1-0

[Event "Tournoi francophone 019"]
[Site "Skype"]
[Date "????.??.??"]
[Round "7.27"]
[White "Hargez, Dany"]
[Black "Gerbaux, Regis"]
[Result "0-1"]
[WhiteElo "1296"]
[BlackElo "1024"]
[PlyCount "72"]

1. e4 c5 2. Nf3 d6 3. Bb5+ Bd7 4. Nc3 Nf6 5. d3 h6 6. Bf4 e5 7. Bg3 Be7 8. O-O
O-O 9. h3 a6 10. Bc4 b5 11. Bd5 Nc6 12. a3 Rc8 13. Ba2 Nd4 14. Nd5 Nxf3+ 15.
Qxf3 Nxd5 16. Bxd5 Rc7 17. Qe2 Qc8 18. f4 Be6 19. f5 Bxd5 20. exd5 c4 21. f6
Bxf6 22. Rf3 cxd3 23. Rxd3 Rxc2 24. Rd2 Rc1+ 25. Rxc1 Qxc1+ 26. Kh2 Rc8 27. b4
Qxa3 28. Ra2 Qxb4 29. Rxa6 Be7 30. Be1 Qc4 31. Qxc4 bxc4 32. Bb4 c3 33. Bxd6
Bxd6 34. Rxd6 c2 35. Rc6 Rxc6 36. dxc6 c1=Q 0-1

[Event "Tournoi francophone 019"]
[Site "Skype"]
[Date "????.??.??"]
[Round "7.28"]
[White "Wildt, Gerti"]
[Black "Ibanez, Bittor"]
[Result "0-1"]
[WhiteElo "1067"]
[BlackElo "1047"]
[PlyCount "108"]

1. e4 c5 2. c3 e6 3. Nf3 d6 4. d4 cxd4 5. cxd4 Nf6 6. Qa4+ Bd7 7. Bb5 Nxe4 8.
Bxd7+ Nxd7 9. O-O Be7 10. Re1 Nef6 11. Qb3 Nb6 12. Ng5 Nfd5 13. Nxf7 Kxf7 14.
Nc3 Qd7 15. Qd1 Nxc3 16. Qf3+ Bf6 17. bxc3 Nc4 18. Bg5 Rhe8 19. d5 e5 20. Re4
Rac8 21. Bxf6 gxf6 22. Qh5+ Kg8 23. Rg4+ Kh8 24. Re1 Rg8 25. Rxg8+ Kxg8 26. Re4
f5 27. Rh4 Qe7 28. g4 f4 29. g5 Qg7 30. g6 Qxg6+ 31. Qxg6+ hxg6 32. Rg4 Kg7 33.
h4 Nd2 34. Kh2 Rxc3 35. h5 Nf3+ 36. Kh3 g5 37. h6+ Kxh6 38. Kg2 Kh5 39. Kh3
Ng1+ 40. Kg2 Kxg4 41. Kxg1 Kh3 42. Kf1 Kh2 43. Ke2 Kg2 44. Kd2 Ra3 45. Ke2
Rxa2+ 46. Kd3 Kxf2 47. Ke4 g4 48. Kf5 g3 49. Ke6 g2 50. Kxd6 g1=Q 51. Kxe5 Qg7+
52. Kd6 Ra6+ 53. Kc5 Qc3+ 54. Kb5 Ra5# 0-1

[Event "Tournoi francophone 019"]
[Site "Skype"]
[Date "????.??.??"]
[Round "7.29"]
[White "Fabre, Gregory"]
[Black "Abate, Luigi"]
[Result "0-1"]
[WhiteElo "1000"]
[BlackElo "1066"]
[PlyCount "68"]

1. e4 e5 2. d4 exd4 3. Qxd4 Nc6 4. Qe3 Nf6 5. Nf3 d6 6. b3 Be7 7. Bc4 O-O 8.
O-O Be6 9. Nh4 Ng4 10. Qf4 Bxh4 11. h3 Nge5 12. g3 Bf6 13. h4 Nxc4 14. bxc4
Bxa1 15. c3 Bxc4 16. a3 Bxf1 17. Kxf1 Qd7 18. Be3 Rfe8 19. g4 Ne5 20. f3 h6 21.
h5 f6 22. Qg3 Qb5+ 23. Kg2 Qxb1 24. f4 Nd3 25. g5 Ne1+ 26. Kh3 Nc2 27. gxh6
Qh1+ 28. Kg4 Nxe3+ 29. Qxe3 Rxe4 30. Qg3 Rae8 31. Kf5 Qxh5+ 32. Qg5 fxg5 33.
fxg5 gxh6 34. Kf6 Qxg5# 0-1

[Event "Tournoi francophone 019"]
[Site "Skype"]
[Date "????.??.??"]
[Round "7.30"]
[White "Codina, Teresa"]
[Black "Soubrier, Laure"]
[Result "1-0"]
[WhiteElo "1274"]
[BlackElo "1000"]
[PlyCount "127"]

1. d4 d5 2. Nf3 Nf6 3. b3 e6 4. Bb2 Bd6 5. e3 Nc6 6. a3 b6 7. Bd3 Bb7 8. O-O
Qe7 9. Nbd2 O-O-O 10. h3 h6 11. c4 e5 12. dxe5 Nxe5 13. cxd5 Nxd3 14. Bc3 Rhg8
15. Qc2 Ba6 16. a4 Nxd5 17. Bd4 g6 18. Nc4 N3b4 19. Qb2 Nc6 20. Rfd1 f6 21.
Nxd6+ Qxd6 22. e4 Nf4 23. Be3 Qe7 24. Bxf4 Rxd1+ 25. Rxd1 g5 26. Be3 Bb7 27.
Qb1 Ne5 28. Nd4 Rd8 29. Nf5 Qf8 30. Rc1 Nc6 31. f3 h5 32. h4 Qg8 33. hxg5 fxg5
34. b4 Rd7 35. Kf2 g4 36. Nh6 Qe6 37. fxg4 hxg4 38. Kg3 Qg6 39. Nxg4 Ne7 40. e5
Qxb1 41. Rxb1 Nf5+ 42. Kf4 Nxe3 43. Kxe3 Bxg2 44. Rb2 Bc6 45. b5 Bb7 46. Rf2 a6
47. Rf8+ Rd8 48. Rf6 c6 49. bxa6 Bxa6 50. Rxc6+ Kb7 51. Rc3 Rc8 52. Ra3 Rc4 53.
Nf6 Kc6 54. a5 Rc5 55. axb6 Kxb6 56. Rb3+ Kc6 57. Rb8 Rxe5+ 58. Kf4 Kd6 59.
Ne4+ Kd5 60. Rd8+ Ke6 61. Re8+ Kf7 62. Rb8 Rb5 63. Nd6+ Ke6 64. Nxb5 1-0

[Event "Tournoi francophone 019"]
[Site "Skype"]
[Date "????.??.??"]
[Round "7.31"]
[White "Dida, Brahim"]
[Black "Warin, Benjamin"]
[Result "1-0"]
[WhiteElo "1000"]
[BlackElo "1000"]
[PlyCount "67"]

1. d4 d5 2. c4 Nf6 3. Bf4 e6 4. a3 Nc6 5. Nc3 g6 6. Nb5 Bd6 7. Nxd6+ cxd6 8.
Nf3 e5 9. dxe5 dxe5 10. Nxe5 dxc4 11. Qxd8+ Nxd8 12. Nxc4 O-O 13. Bd6 Rb8 14.
Bxb8 Nc6 15. e4 Nd4 16. Bd3 Nc2+ 17. Bxc2 Bg4 18. h3 Bd7 19. Bd6 Re8 20. e5 Nh5
21. O-O f6 22. exf6 Nxf6 23. Rae1 Rc8 24. b3 b5 25. Ne5 Rxc2 26. Nxd7 Nxd7 27.
Re8+ Kg7 28. Re7+ Kf6 29. Rxd7 Ke6 30. Rd8 Re2 31. Re1 Rxe1+ 32. Kh2 Re2 33.
Re8+ Kxd6 34. Rxe2 1-0

[Event "Tournoi francophone 019"]
[Site "Skype"]
[Date "????.??.??"]
[Round "7.32"]
[White "Cassano, Mariangela"]
[Black "Trapletti, Cosetta"]
[Result "0-1"]
[WhiteElo "1000"]
[BlackElo "1138"]
[PlyCount "56"]

1. Nf3 d5 2. d4 Bf5 3. Bf4 e6 4. e3 Bb4+ 5. Nbd2 Nf6 6. c3 Bd6 7. Be2 Be7 8.
O-O O-O 9. a3 c5 10. dxc5 Bxc5 11. b4 Bg6 12. bxc5 Nc6 13. h3 Qe7 14. Ne5 Qxc5
15. Nd7 Nxd7 16. Nb3 Qxc3 17. Rc1 Qf6 18. Nd4 e5 19. g3 exf4 20. exf4 Nxd4 21.
Bb5 Nxb5 22. a4 Na3 23. Qxd5 Rad8 24. Qxb7 h6 25. Qxa7 Be4 26. h4 Qf5 27. Rcd1
Qh3 28. Rfe1 Qg2# 0-1

[Event "Tournoi francophone 019"]
[Site "Skype"]
[Date "????.??.??"]
[Round "7.33"]
[White "Schnell, Nicolas"]
[Black "Hampton, Irene"]
[Result "1-0"]
[WhiteElo "1035"]
[BlackElo "1000"]
[PlyCount "53"]

1. e4 c6 2. Nf3 d5 3. e5 Bf5 4. d3 e6 5. Qd2 c5 6. Ng5 Qd7 7. Be2 Nh6 8. d4 Nc6
9. Bb5 a6 10. Ba4 Bg6 11. Qd1 Nf5 12. dxc5 h6 13. Nh3 Bxc5 14. O-O O-O 15. Nf4
d4 16. Nd3 Bb6 17. Nd2 Nh4 18. Nf4 Be4 19. Nxe4 Rad8 20. Nh5 Kh7 21. Nef6+ gxf6
22. Nxf6+ Kh8 23. Qd3 Ng6 24. Bxh6 Qe7 25. Bg5 Nb4 26. Qh3+ Kg7 27. Qh7# 1-0